Test de Melendi - Estadísticas

Estadísticas generales
  • Esta prueba ha sido intentada 403 veces
  • La puntuación promedio es 11 de 15
Estadísticas de respuestas
Pista Respuesta % Correcto
A que edad fue "su primer beso": 16
93%
Completa: "Hablando en _____" Plata
92%
Nombre real Ramón
92%
"Subiendo al _____" Cielo
90%
"Soñando en ___" Oro
90%
"Bajando al ____" Moro
88%
Ciudad donde nació Oviedo
85%
Año de lanzamiento 2003
80%
Canción que habla sobre dos gemelas: Saraluna
74%
"la cirujana es _____" Juana
69%
Completa: "La comadrona es _____" María
69%
Álbum debut Sin noticias de Holanda
69%
Lo que llevan las princesas ligeras de ropa de bandera: Un tanga y una liga
42%
Por donde se coló y cayó al suelo: Una rendija
23%
Que olvidó que era después de esto: Un invierno en pleno enero por tu piel
7%
No se encontraron pruebas coincidentes
Distribución de puntuación
Porcentaje de gente con cada puntuación
Porcentaje por número respondido
Historial de tus puntuaciones
No has intentado esta prueba.